| 000 | 00518nam a2200181 a 4500 | ||
|---|---|---|---|
| 001 | 7452 | ||
| 003 | CO-ViMGA | ||
| 008 | 141112s2004 ck r 000 u spa d | ||
| 040 |
_aCO-ViMGA _bspa _cCO-ViMGA |
||
| 082 | 0 | 4 | _a352.0072 D654 |
| 100 | 1 |
_aDominguez Giraldo, Gerardo _96717 |
|
| 245 | 1 | 0 | _aGerencia municipal un concepto social moderno y estrategico |
| 250 | _a2a | ||
| 260 |
_aMedellin : _bBiblioteca juridica Dike, _c1995 |
||
| 300 | _a124 p | ||
| 650 | 1 | 4 |
_aMUNICIPIOS - ADMINISTRACION _96718 |
| 942 |
_2ddc _cBK |
||
| 999 |
_c19400 _d19400 |
||